| 000 | 00726nam a2200169 a 4500 | ||
|---|---|---|---|
| 008 | 090422s1977 ||||||||||||||||| || u | ||
| 050 | _aGOV.ZAM(058)MOE/1977 | ||
| 110 | _aGovernment of the Republic of Zambia (GRZ) | ||
| 245 | 1 | 0 | _aMinistry of Education annual report, 1973 |
| 260 |
_aLusaka _bGovernment Printer _c1977 |
||
| 300 | _aii, 52p.: ill. | ||
| 350 | _a0.00 | ||
| 650 | _aEDUCATION--ZAMBIA--HANDBOOKS, MANUALS, ETC | ||
| 650 | _aEDUCATION AND STATE--ANNUAL REPORTS--ZAMBIA | ||
| 710 | _aGovernment of the Republic of Zambia. Ministry of Education | ||
| 995 |
_D0.00 _FCBU-MAIN LIBRARY (Kitwe) _H1 _I0.00 _M1 _UAVAILABLE _WApr 22, 2009 _ZZambiana Collection |
||
| 999 |
_c51305 _d51305 |
||